00281nam a2200097Ia 4500008004100000020000600041100001600047245002300063260008700086300001000173250518s9999 xx 000 0 und d a0 aGeoff Manll 0aPure Mathematics 2 a"Halley Court,jordan Hill, oxford, OX28EJ"bHeinemann Educational Publishersc2000 a206p.